000
00345 a2200169 4500
001
160421
020
_a
040
_c
Magnum
100
_a
Nunes, Lygia Bojunga
240
1
0
_a
Os colegas
_l
por
245
1
0
_a
Os colegas
300
_a
91
362
0
_a
1989
440
1
_a
José Olympio
697
_a
LITERATURA INFANTO-JUVENIL
942
_c
BK
999
_c
160421
_d
160421